Entrada Personal Name
Número de registros utilizados en: 2
001 - CONTROL NUMBER
- control field: 17513
003 - CONTROL NUMBER IDENTIFIER
- control field: DLC
005 - DATE AND TIME OF LATEST TRANSACTION
- control field: 20250925124404.0
008 - FIXED-LENGTH DATA ELEMENTS
- fixed length control field: 800709n| azannaabn |a aaa
010 ## - LIBRARY OF CONGRESS CONTROL NUMBER
- LC control number: n 50017381
035 ## - SYSTEM CONTROL NUMBER
- System control number: (CaEvSKY)skya1139317
035 ## - SYSTEM CONTROL NUMBER
- System control number: (OCoLC)oca00052829
040 ## - CATALOGING SOURCE
- Original cataloging agency: DLC
- Language of cataloging: spa
- Description conventions: rda
- Transcribing agency: Mx-PuUPA
- Modifying agency: DLC
- Modifying agency: NjP
- Modifying agency: OCoLC
- Modifying agency: DLC
- Modifying agency: UPB
- Modifying agency: MX-MxCID
- Modifying agency: OCoLC
- Modifying agency: Mx-PuUPA
046 ## - SPECIAL CODED DATES
- Birth date: 19120630
- Death date: 20040604
- Source of information: Leopoldo Zea (1912-2004), 2012
046 ## - SPECIAL CODED DATES
- Death date: 2004-06-08
- Source of information: Filosofía sin más, 2008
100 1# - HEADING--PERSONAL NAME
- Personal name: Zea, Leopoldo,
- Dates associated with a name: 1912-2004
370 ## - ASSOCIATED PLACE
- Place of birth: Ciudad de México (México)
- Source of term: naf
372 ## - FIELD OF ACTIVITY
- Field of activity: Filosofía
- Source of term: lcsh
373 ## - ASSOCIATED GROUP
- Associated group: Universidad Nacional Autónoma de México. Facultad de Filosofía y Letras
- Start period: 1966
- End period: 1970
- Associated group: Universidad Nacional Autónoma de México. Colegio de Estudios Latinoamericanos
- Source of term: naf
374 ## - OCCUPATION
- Occupation: Administrador universitario
- Source of term: lcsh
374 ## - OCCUPATION
- Occupation: Autor
- Source of term: lcsh
374 ## - OCCUPATION
- Occupation: Profesor
- Source of term: lcsh
375 ## - GENDER
- Gender: hombre
377 ## - ASSOCIATED LANGUAGE
- Language code: spa
378 ## - FULLER FORM OF PERSONAL NAME
- Fuller form of personal name: Zea Aguilar
400 1# - SEE FROM TRACING--PERSONAL NAME
- Personal name: Zea Aguilar, Leopoldo,
- Dates associated with a name: 1912-2004
400 1# - SEE FROM TRACING--PERSONAL NAME
- Personal name: Aguilar, Leopoldo Zea,
- Dates associated with a name: 1912-2004
670 ## - SOURCE DATA FOUND
- Source citation: His El positivismo ... 1943.
670 ## - SOURCE DATA FOUND
- Source citation: Ensayos sobre filosofía en la historia, 1948:
- Information found: t.p. (Leopoldo Zea)
670 ## - SOURCE DATA FOUND
- Source citation: Filosofía sin más, 2008:
- Information found: t.p. (Leopoldo Zea) p. 142 (d. June 8, 2004)
670 ## - SOURCE DATA FOUND
- Source citation: Leopoldo Zea (1912-2004), 2012:
- Information found: p. 9, first sequence (b. June 30, 1912, Mexico City; d. June 4, 2004)
670 ## - SOURCE DATA FOUND
- Source citation: El positivismo en México: nacimiento, apogeo, y decadencia, 1968:
- Information found: flap (Leopoldo Zea (1912-2004) Leopoldo Zea (1912-2004) directed the Facultad de Filosofía y Letras of Philosophy and Letters of the UNAM from 1966 to 1970, during which time he founded the College of Latin American Studies. He was professor emeritus at UNAM)